Santa Marta : (Registro nro. 15529)
[ vista simple ]
| 000 -LEADER | |
|---|---|
| fixed length control field | 01602nam a22002297a 4500 |
| 003 - CONTROL NUMBER IDENTIFIER | |
| control field | OSt |
| 005 - DATE AND TIME OF LATEST TRANSACTION | |
| control field | 20210407120217.0 |
| 008 - FIXED-LENGTH DATA ELEMENTS--GENERAL INFORMATION | |
| fixed length control field | 210407s2011 ck ao||gr|||| 00| 0 spa d |
| 020 ## - INTERNATIONAL STANDARD BOOK NUMBER | |
| International Standard Book Number | 9789585724600 |
| 040 ## - CATALOGING SOURCE | |
| Original cataloging agency | CO-JMCR |
| Transcribing agency | CO-JMCR |
| 041 0# - LANGUAGE CODE | |
| Language code of text/sound track or separate title | spa |
| 082 04 - DEWEY DECIMAL CLASSIFICATION NUMBER | |
| Classification number | 986.116 / |
| Item number | D277s |
| Edition number | 23 |
| 100 1# - MAIN ENTRY--PERSONAL NAME | |
| Personal name | Díaz Granados Pinedo, Juan Pablo, |
| Relator term | autor |
| 9 (RLIN) | 36687 |
| 245 10 - TITLE STATEMENT | |
| Title | Santa Marta : |
| Remainder of title | obras estratégicas de ciudad / |
| Statement of responsibility, etc. | Juan Pablo Díaz Granados Pinedo |
| 260 ## - PUBLICATION, DISTRIBUTION, ETC. | |
| Place of publication, distribution, etc. | Bogotá : |
| Name of publisher, distributor, etc. | Alcaldía de Santa Marta, |
| Date of publication, distribution, etc. | impresión 2011 |
| 300 ## - PHYSICAL DESCRIPTION | |
| Extent | 127 páginas : |
| Other physical details | ilustraciones y fotografías a color ; |
| Dimensions | 24 cm. |
| 505 0# - FORMATTED CONTENTS NOTE | |
| Formatted contents note | Santa Marta, Futuro con obras estratégicas de calidad -- Santa Marta, modelo de buen desempeño fiscal -- Educación con calidad -- Deporte y salud -- Colector pluvial, agua y alcantarillado -- Vías y espacios públicos -- Recuperación del Centro histórico (primera fase) -- Turismo y fiesta del mar -- Obras en marcha |
| 520 3# - SUMMARY, ETC. | |
| Summary, etc. | "Quiero hacerle un reconocimiento al Alcalde de Santa Marta, Juan Pablo Díaz Granados: usted es, quizás, uno de los alcaldes más comprometidos, porque en términos porcentuales, es el que más recursos le ha asignado a la primera infancia ; esto es muy importante por que son estas inversiones las que no se ven sino después, ya cuando usted esté lleno de nietos y paseándose por las playas de esta capital, cuando mire y diga que esta ciudad es mejor porque atendemos a los niños. |
| 600 14 - SUBJECT ADDED ENTRY--PERSONAL NAME | |
| Personal name | Díaz Granados Pinedo, Juan Pablo, |
| Form subdivision | Informes |
| 9 (RLIN) | 36688 |
| 651 #4 - SUBJECT ADDED ENTRY--GEOGRAPHIC NAME | |
| Geographic name | Santa Marta |
| General subdivision | Administración pública |
| Chronological subdivision | 2008-2011 |
| 9 (RLIN) | 36689 |
| 942 ## - ADDED ENTRY ELEMENTS (KOHA) | |
| Source of classification or shelving scheme | Dewey Decimal Classification |
| Koha item type | Books |
| Withdrawn status | Lost status | Source of classification or shelving scheme | Damaged status | Not for loan | Collection code | Home library | Current library | Date acquired | Source of acquisition | Total Checkouts | Full call number | Barcode | Date last seen | Date last checked out | Copy number | Price effective from | Koha item type |
|---|---|---|---|---|---|---|---|---|---|---|---|---|---|---|---|---|---|
| Dewey Decimal Classification | Non-fiction | Biblioteca Pública José María del Castillo y Rada | Biblioteca Pública José María del Castillo y Rada | 10/02/2020 | Donación | 2 | 986.116 / D277s | 201811026 | 12/04/2024 | 12/04/2024 | Ej.1 | 04/07/2021 | Books |